MDQL
is popping MORE tags! Check the
thread
!
Quizzes
Events
Quiz Creation
Community
Videos
Private Events
Remove Ads
Sign In
Join for FREE
Feedback
Dark Mode
Quiz Categories
Sports
Geography
Music
Movies
Television
Just For Fun
Miscellaneous
History
Literature
Language
Science
Gaming
Entertainment
Religion
Holiday
For Kids
Quiz Lab
Recent
Popular Today
Quiz Kudos Today
Editor Picks
Curator Picks
Quizzes by...
Day
Popularity
Type
Ratings
Length
Year
Community
Subscriptions
Recent Discussions
Orange Saloon
Badges
Playlists
Quests
Create
Leaderboards
Showdown
Live 5
Trivia Bingo
Activity
Puzzle Library
Sporcle Events
Private Events
Virtual Trivia
Globe League
Become a Host
Pub Owners
SporcleCon
Opinionation
Our Games
Videos
Blog
Mobile Apps
Partnerships
Remove Ads and Go Orange
Feedback
Television
TV Characters
TV Show
Sitcom
Network
Friends
Reality Shows
Cast
South Park
Star Trek
The Simpsons
Doctor Who
Television
TV Characters
TV Show
Sitcom
Network
Friends
Reality Shows
Cast
South Park
Star Trek
The Simpsons
Doctor Who
Random Quiz
Search Sporcle
×
Quiz Lab
Quiz Lab
Television
Show
Type in answers that appear in a list
Type in answers that appear in a list
Classic
Best Score? Go Orange.
TV and Movies Stats
Can you name the Mom's tv shows and movies?
By
trishar018
10m
71 Questions
65 Plays
65 Plays
65 Plays
Comments
Comments
Give Quiz Kudos
Give Quiz Kudos
-
- Ratings
hide this ad
Replay
Link that replays current quiz
Next Quiz
Link to next quiz in quiz playlist
You Got
0%
They Got
Avg Score
5%
Avg Friend Score
Upgrade to see
Score Distribution
Jump to the score distribution portion of the page
Score
0/71
Timer
10:00
0
Plays Today
% Correct
40.6%
Friends
31.3%
Desperate Housewives
29.7%
Gilmore Girls
26.6%
Grey's Anatomy
23.4%
How I Met Your Mother
17.2%
House
15.6%
The Office
12.5%
Sex and the City
12.5%
Private Practice
10.9%
Brothers and Sisters
10.9%
Dancing With The Stars
9.4%
Survivor
7.8%
Survivor
7.8%
American Idol
7.8%
Cheers
7.8%
24
6.3%
All My Children
4.7%
Scrubs
4.7%
Psych
3.1%
Amazing Race
3.1%
Prison Break
3.1%
Hell's Kitchen
3.1%
Boy Meets World
3.1%
Supernanny
1.6%
Wife Swap
1.6%
Sense and Sensibility
1.6%
Arrested Development
1.6%
Chuck
1.6%
Reaper
1.6%
Freaks and Geeks
1.6%
When Harry Met Sally
1.6%
Warehouse 13
0%
Overboard
0%
Princess Bride
0%
Pride and Prejudice
0%
% Correct
Legally Blonde
0%
Major Payne
0%
Iron Man
0%
Sleepless in Seattle
0%
My Best Friend's Wedding
0%
The Pretender
0%
Damages
0%
The Good Wife
0%
Ghost
0%
Kitchen Nightmares
0%
Mama Mia
0%
Shrek
0%
Cinderella
0%
Toy Story
0%
The Wonder Years
0%
27 Dresses
0%
My Cousin Vinny
0%
Music and Lyrics
0%
Just LIke Heaven
0%
My Name is Earl
0%
Accidently On Purpose
-1.6%
The Ellen Show
-1.6%
Heart and Souls
-1.6%
Uncle Buck
-1.6%
Chances ARe
-1.6%
Sex and the City Movie
-1.6%
My First Mister
-1.6%
Dirty Dancing
-1.6%
Chelsea Lately
-1.6%
Bridget Jones' Diary
-1.6%
Flintstones
-1.6%
101 Dalmations
-1.6%
Fox and the Hound
-1.6%
Miracle on 34th Street
-1.6%
Just Friends
-1.6%
Quiz Playlist
Details
Report
Send in Message
Add To Playlist
Classic:
Type in answers that appear in a list
Last Updated: Feb 16, 2017
Quiz Scoreboard
CHALLENGE
Sign Up to Join the Scoreboard
Show All
Scores
Hide
Comments
May contain spoilers
Recently Published
1-10 Letter E Words III
by El_Dandy
Language
2m
Street Fighter Characters
by Artimus82
Gaming
60s
College Basketball Coaching Resumes
by pancakes188
Sports
9m
More to Explore
Quiz From the Vault
Featured Blog Post
Where Did the Easter Bunny Come From?
hide this ad
You Might Also Like...
Tags
Show Quiz
mom
Today's Top Quizzes in Television
Browse Television
hide this ad
Today's Top Quizzes in Show
Browse Show
Top Contributed Quizzes in Television
1
Survivor Journey Challenge
2
Adjectives in 80s TV Shows
3
5-to-1: The Simpsons Families
4
Adjectives in 00s TV Shows
5
5-to-1: Television Doctors
6
Adjectives in 10s TV Shows
7
7-to-1: TV Show Settings
8
5-to-1: Streaming Originals
9
Adjectives in 70s TV Shows
10
Survivor Seasons
Explore More
Trending Topics
Crossword
Kpop
Harry Potter
Disney
NBA
Anime
Marvel
The Office
Pokémon
Puzzle
NFL
Soccer
Song
Country
WWE
hide this ad
More By:
trishar018
Quiz
Plays
Rating
Category
Featured
Created
TV and Movies
65
1.00
Television
Oct 5, 2009
Go to Creator's Profile
Score Distribution
Quiz Creator Spotlight
trishar018
Follow
Send a Message
Quizzes Created
-
Created Quiz Play Count
-
More By This Creator
Popular Quizzes Today
1
Find the US States - No Outlines Minefield
2
Find the Countries of Europe - No Outlines Minefield
3
The Countries of the World
4
Find the US States
5
Risky Map Clicking: Biggest States A-Z
6
US States
7
Popular People in 1961
8
Movies - When Are They Set?
More Television Quizzes
Cartoon Characters: Peppa Pig
Curator's Pick
Trending Quizzes
Risky Map Clicking: Least Populous States A-Z
Billboard Blitz: Aretha Franklin
Famous Russians: Author or Composer?
Countries of the World: 200 Million BC
1-10 Letter G Words
Recently Updated
Leaping Animals
pecheneg
Reality TV Shows (A-Z)
bhenderson79
Rickey Henderson's Hall of Fame Teammates
pecheneg
Champions League XIs: Arsenal
pecheneg
Quick Pick: Celebrities in WWE's Hall of Fame
aduchscher
A-Z Keypad Blitz II
pecheneg
Multiple Oscar Actors
pecheneg
Mystery Phrase Blitz: Oscar 'Best Actors'
pecheneg
F. Scott Fitzgerald Novels
LTH
Pick 3 Villains
ddd62291
Trending Topics
Crossword
Kpop
Anime
Marvel
Disney
Harry Potter
NBA
Puzzle
The Office
Song
Country
Pokémon
NFL
WWE
Soccer
Your Account Isn't Verified!
In order to create a playlist on Sporcle, you need to verify the email address you used during registration. Go to your
Sporcle Settings
to finish the process.
Report this User
Report this user for behavior that violates our
Community Guidelines
.
Details:
Send Report
Go to the Sporcle.com Mobile Site →
Comments